Báo cáo diễn đàn trẻ em : Chúng em nói về giáo dục
Kaydedildi:
| Materyal Türü: | Kitap |
|---|---|
| Dil: | Undetermined |
| Baskı/Yayın Bilgisi: |
Hà Nội
|
| Konular: | |
| Etiketler: |
Etiketle
Etiket eklenmemiş, İlk siz ekleyin!
|
| Thư viện lưu trữ: | Trung tâm Học liệu Trường Đại học Cần Thơ |
|---|
| LEADER | 00424nam a2200145Ia 4500 | ||
|---|---|---|---|
| 001 | CTU_122112 | ||
| 008 | 210402s9999 xx 000 0 und d | ||
| 082 | |a 371.81 | ||
| 082 | |b B108 | ||
| 245 | 0 | |a Báo cáo diễn đàn trẻ em : Chúng em nói về giáo dục | |
| 260 | |a Hà Nội | ||
| 650 | |a education | ||
| 650 | |x children | ||
| 904 | |i Thủy | ||
| 980 | |a Trung tâm Học liệu Trường Đại học Cần Thơ | ||